Statistics for 200 největších měst ČR podle populace

Click here to take the quiz!

General Stats

  • This quiz has been taken 114 times
    (84 since last reset)
  • The average score is 82 of 200

Answer Stats

Město Populace % Correct
Praha1,308,632
100%
Ostrava289,128
100%
Brno380,681
100%
Plzeň172,441
95%
Olomouc100,523
95%
České Budějovice94,014
95%
Zlín74,997
95%
Liberec104,445
92%
Jihlava50,845
92%
Ústí nad Labem92,952
89%
Karlovy Vary48,501
89%
Karviná52,824
86%
Hradec Králové92,742
86%
Pardubice90,688
86%
Opava56,638
86%
Most66,186
84%
Kladno69,054
84%
Frýdek-Místek55,931
81%
Jablonec nad Nisou45,802
81%
Cheb31,988
78%
Teplice49,575
76%
Havířov71,903
76%
Beroun19,510
76%
Tábor34,456
73%
Český Krumlov13,085
73%
Trutnov30,372
73%
13,210
73%
Chomutov48,720
73%
Turnov14,334
70%
Znojmo33,780
70%
Písek30,351
70%
Mladá Boleslav44,489
68%
Příbram32,642
68%
Přerov43,186
68%
Děčín48,809
68%
Kutná Hora20,580
68%
Hodonín24,682
65%
Nymburk15,063
65%
Bruntál16,408
65%
Jičín16,577
65%
Benešov16,656
65%
Havlíčkův Brod23,256
65%
Břeclav24,704
65%
Klatovy22,233
62%
Kolín31,690
62%
Prostějov43,680
62%
Třebíč35,691
62%
Litoměřice24,001
62%
Sokolov23,241
59%
Mělník19,486
59%
Rokycany14,192
59%
Blansko20,572
57%
Náchod19,979
57%
Ústí nad Orlicí14,196
57%
Strakonice22,754
57%
Žďár nad Sázavou20,847
57%
Pelhřimov16,069
57%
Třinec35,131
57%
Šumperk25,957
57%
Brandýs nad Labem-Stará Boleslav19,136
54%
Mikulov7,359
54%
Mariánské Lázně12,800
54%
Uherské Hradiště25,212
54%
Jindřichův Hradec21,445
54%
Nový Jičín23,496
54%
Litvínov23,884
54%
Valašské Meziříčí22,217
51%
Jeseník11,192
51%
Louny18,351
51%
Chrudim23,151
51%
Litomyšl10,429
49%
Česká Třebová15,508
49%
Třeboň8,253
49%
Domažlice11,150
49%
Svitavy16,838
49%
Hranice18,057
49%
Vsetín26,092
46%
Kroměříž28,816
46%
Prachatice10,874
46%
Rakovník15,846
46%
Český Těšín24,438
46%
Jaroměř12,433
46%
Uherský Brod16,493
43%
Sušice11,110
43%
Moravská Třebová10,070
43%
Říčany15,619
43%
Poděbrady14,186
43%
Vyškov20,883
43%
Humpolec10,894
43%
Krnov23,397
41%
Tachov12,802
41%
Česká Lípa37,444
41%
Čáslav10,326
41%
Nové Město na Moravě10,098
41%
Rožnov pod Radhoštěm16,420
41%
Kralupy nad Vltavou18,194
41%
Vysoké Mýto12,335
38%
Velké Meziříčí11,484
38%
Slaný15,834
38%
Ivančice9,742
38%
Semily8,367
38%
Dačice7,325
35%
Mohelnice9,189
35%
Žatec19,133
35%
Vlašim11,598
35%
Frýdlant7,531
35%
Rychnov nad Kněžnou10,998
32%
Litovel9,810
32%
Stříbro7,680
32%
Český Brod7,046
32%
Orlová28,852
32%
Kopřivnice21,949
32%
Bohumín20,690
32%
Kadaň18,202
32%
Varnsdorf15,297
32%
Dobříš8,983
30%
Dvůr Králové nad Labem15,594
30%
Frenštát pod Radhoštěm10,820
27%
Vimperk7,399
27%
Polička8,748
27%
Otrokovice17,876
27%
Přelouč9,659
27%
Bílina17,166
27%
Ostrov16,731
27%
Hlinsko9,677
27%
Soběslav6,968
27%
Kuřim10,997
27%
Hořovice6,844
27%
Vrchlabí12,461
24%
Broumov7,444
24%
Hořice8,621
24%
Moravské Budějovice7,364
24%
Jirkov19,299
24%
Neratovice16,163
24%
Lysá nad Labem9,717
22%
Choceň8,646
22%
Studénka9,536
22%
Nové Město nad Metují9,436
22%
Nýřany6,975
22%
Klášterec nad Ohří14,533
22%
Nová Paka9,094
22%
Lovosice8,837
22%
Boskovice11,622
22%
Lanškroun9,991
22%
Sedlčany7,080
19%
Milevsko8,277
19%
Milovice11,834
19%
Příbor8,452
19%
Hulín6,819
19%
Uničov11,396
19%
Kyjov11,218
19%
Frýdlant nad Ostravicí9,964
19%
Chotěboř9,250
19%
Králův Dvůr9,357
19%
Sezimovo Ústí7,257
19%
Rumburk11,082
19%
Lipník nad Bečvou8,024
16%
Benátky nad Jizerou7,418
16%
Kaplice7,164
16%
Vodňany6,953
16%
Letovice6,745
16%
Roudnice nad Labem12,967
16%
Šternberk13,495
16%
Hlučín13,953
16%
Rýmařov8,247
16%
Zábřeh13,589
16%
Nový Bor11,678
16%
Veselí nad Moravou11,006
14%
Mnichovo Hradiště8,729
14%
Štětí8,685
14%
Nový Bydžov6,986
14%
Jesenice9,448
14%
Tišnov9,257
14%
Chodov13,394
14%
Napajedla7,222
14%
Dobruška6,727
14%
Bystřice pod Hostýnem8,169
11%
Holešov11,606
11%
Odry7,227
11%
Krupka12,624
11%
Čelákovice12,260
11%
Duchcov8,517
11%
Týn nad Vltavou8,000
11%
Kraslice6,749
8%
Přeštice7,114
8%
Kravaře6,695
8%
Petřvald7,190
8%
Roztoky8,529
8%
Červený Kostelec8,352
8%
Šlapanice7,563
8%
Nejdek7,807
8%
Černošice7,170
5%
Hostivice8,546
5%
Bílovec7,419
5%
Rychvald7,457
5%
Hrádek nad Nisou7,722
5%
Úvaly6,744
5%
Dubí7,870
5%
Bystřice nad Pernštejnem8,110
5%
Vratimov7,297
3%

Score Distribution

Percentile by Number Answered

Percent of People with Each Score

Your Score History

You have not taken this quiz since the last reset